| 000 | 02608cam a2200577 i 4500 | ||
|---|---|---|---|
| 001 | xx004925717 | ||
| 003 | NUKAT | ||
| 005 | 20260427113255.0 | ||
| 008 | 200814s2020 pl a |001 0 pol c | ||
| 020 |
_a9788380989009 _q(oprawa twarda) : _czł 25,00 |
||
| 035 | _a(OCoLC)1192556348 | ||
| 035 | _a(NUKAT)xx004925717 | ||
| 040 |
_aKAT U/DL _bpol _erda _cKAT U/DLs _dKAT U/DL _dWR O/KP _dWA 14/MBs _dOLSZT 008/bak |
||
| 045 | 2 |
_bd1980 _bd1989 |
|
| 046 | _k2020 | ||
| 100 | 1 |
_aDworaczek, Kamil _d(1985- ). _eAutor _919225 |
|
| 245 | 1 | 0 |
_aNSZZ "Solidarność" w PKP w latach 1980-1989 : _bprzykład Dolnośląskiej Dyrekcji Okręgowej Kolei Państwowych / _cKamil Dworaczek. |
| 250 | _aWydanie I. | ||
| 260 |
_aWrocław ; _aWarszawa : _bInstytut Pamięci Narodowej. Komisja Ścigania Zbrodni Przeciwko Narodowi Polskiemu. Oddział we Wrocławiu, _c2020. |
||
| 300 |
_a160 stron : _bilustracje ; _c25 cm. |
||
| 336 |
_aTekst _btxt _2rdacontent |
||
| 337 |
_aBez urządzenia pośredniczącego _bn _2rdamedia |
||
| 338 |
_aWolumin _bnc _2rdacarrier |
||
| 380 | _aKsiążki | ||
| 380 | _aPublikacje naukowe | ||
| 388 | 1 | _a2001- | |
| 490 | 1 | _aOpozycja w Polsce | |
| 490 | 1 | _aCentralny Projekt Badawczy IPN Opozycja i Opór Społeczny w PRL 1956-1989 | |
| 500 | _aCentralny Projekt Badawczy IPN, Opozycja i opór społeczny w PRL 1956-1989. | ||
| 504 | _aBibliografia na stronach 134-137. Indeks. | ||
| 610 | 2 | 7 |
_aDyrekcja Okręgowa PKP (Wrocław) _2DBN _940633 |
| 610 | 2 | 7 |
_aNSZZ "Solidarność" _2DBN _936385 |
| 610 | 2 | 7 |
_aNiezależny Samorządny Związek Zawodowy "Solidarność". _bRegion Dolny Śląsk. _2kaba _940636 |
| 648 | 7 |
_a1901-2000 _2DBN _934996 |
|
| 648 | 7 |
_a1945-1989 _2DBN _936043 |
|
| 650 | 7 |
_aKolejarze _2DBN _938953 |
|
| 650 | 7 |
_aOpozycja polityczna nielegalna _2DBN _936914 |
|
| 650 | 7 |
_aRuchy społeczne _2DBN _936915 |
|
| 650 | 7 |
_aStrajki _2DBN _940634 |
|
| 650 | 7 |
_aZwiązki zawodowe _2DBN _937239 |
|
| 650 | 7 |
_aKoleje _xstrajki i lokauty _zPolska _zŚląsk, Dolny (region) _y1970-2000. _2kaba _940635 |
|
| 651 | 7 |
_aWrocław (woj. dolnośląskie) _2DBN _937057 |
|
| 655 | 7 |
_aMonografia _2DBN _935240 |
|
| 658 | _aHistoria | ||
| 710 | 2 |
_aInstytut Pamięci Narodowej - Komisja Ścigania Zbrodni przeciwko Narodowi Polskiemu. _eInstytucja sprawcza _911792 |
|
| 710 | 2 |
_aInstytut Pamięci Narodowej - Komisja Ścigania Zbrodni przeciwko Narodowi Polskiemu. _bOddział (Wrocław). _eWydawca _4pbl _914065 |
|
| 830 | 0 |
_aOpozycja w Polsce _914915 |
|
| 830 | 0 |
_aOpozycja i Opór Społeczny w PRL 1956-1989 _940607 |
|
| 920 | _a978-83-8098-900-9 (oprawa twarda) : zł 25,00 | ||
| 942 |
_2ddc _cBK_NM |
||
| 999 |
_c27798 _d27798 |
||